000 00321nam a22001457a 4500
008 210311b ||||| |||| 00| 0 eng d
020 _a9780470904107
041 _aeng
080 _28th
_a311
082 _28th
_a311
100 _a55
101 _aSTA
245 _aIntroductory Statistics
_cMann,S.P
942 _2udc
_cBK
999 _c56427
_d56427